XXVI Congreso Colombiano de Derecho Procesal

Uloženo v:
Podrobná bibliografie
Hlavní autor: Alvarado Ardilla, Víctor Hernando (Autor)
Médium: Kniha
Jazyk:španělština
italština
Vydáno: Bogotá Universidad Libre 2005
Vydání:1a. ed
Témata:
Tagy: Přidat tag
Žádné tagy, Buďte první, kdo vytvoří štítek k tomuto záznamu!

MARC

LEADER 00000nam a2200000 a 4500
001 UCK9757
003 CL-VaPUC
008 060531e20050000CK |||||||||||||||||spa|d
020 |a 9589747957 
041 0 7 |a spa  |2 CL-VaPUC 
041 0 7 |a ita  |2 CL-VaPUC 
082 0 4 |a 345.8605  |b ALV  |2 21 
100 0 |a Alvarado Ardilla, Víctor Hernando  |e author  |9 499661 
245 1 0 |a XXVI Congreso Colombiano de Derecho Procesal 
250 |a 1a. ed 
300 |a 1139 p 
942 |c BK 
945 |d 20060531 00:00:00  |a jtorresc 
260 |a Bogotá  |b Universidad Libre  |c 2005 
650 0 |a Derecho procesal penal  |9 255496 
650 0 |a Teoría del derecho  |9 255982 
650 0 |a Jurisprudencia  |9 255952 
583 |a last modification  |c 20060531 00:00:00  |k Rodrigo Vera 
999 |c 316820  |d 316818 
952 |0 0  |1 0  |4 0  |6 345_860500000000000_ALV_2005  |7 0  |8 A  |9 392289  |a BIBDER  |b BIBDER  |d 2019-11-22  |i 4236890  |o 345.8605 ALV 2005  |p 4236890  |r 2023-01-25  |w 2019-11-22  |y BK  |k DER